Europe Quiz - U Stats

 Plays Quiz not verified by Sporcle

Support Sporcle.
Go Orange.
Score 0/10 Timer 09:00
0 Plays Today
Hint Answer % Correct
Acronym for the former Soviet UnionUSSR
100%
Former Soviet Republic and the second biggest country in Europe, known for its Black Sea coastline and forested mountainsUkraine
100%
Name given to the flag of the United KingdomUnion Jack
98.1%
Widely considered to be a boundary between Europe and Asia, this mountain chain has a river of the same name and runs through Russia and KazakhstanUral Mountains
92.6%
Sweden's fourth largest cityUppsala
81.5%
A province in the north of Ireland (the island itself) that is split between the United Kingdom and the Republic of IrelandUlster
81.5%
Smallest Dutch province with a city, the fourth largest in the Netherlands, of the same name, famous for buildings and structures that date back as far back as the High Middle AgesUtrecht
81.5%
A city in the south German state of Baden-W├╝rttemberg, founded in medieval times. An important trade town for centuries, this was also the birthplace of Albert Einstein.Ulm
74.1%
Finland, Hungary, Norway, and Estonia all have official languages derived from this language familyUralic
40.7%
A locality in France with Rouen as the regional capital and Le Havre the other major city in the regionUpper Normandy
33.3%

You're not logged in!

Compare scores with friends on all Sporcle quizzes.
OR
Log In

From the Vault

The United States Quiz

by psubball1

Think of this as a primer for studying for the US Citizenship exam.
Remove Ads.
Support Sporcle.
Get the best of Sporcle when you Go Orange. This ad-free experience offers more features, more stats, and more fun while also helping to support Sporcle. Thank you for becoming a member.

Show Comments

Extras

Created Feb 23, 2018ReportNominate
Tags:Europe Quiz

Top Quizzes Today


Score Distribution

Your Account Isn't Verified!

In order to create a playlist on Sporcle, you need to verify the email address you used during registration. Go to your Sporcle Settings to finish the process.

Report this User

Report this user for behavior that violates our Community Guidelines.

Details: